00486nam a2200145 a 450000500170000000800410001702000160005805000230007424500680009726000370016530000070020244000370020952000830024665000110032920140412111410.0070214s19uu xx 00 eng d a078685871-0 aTR(PS EbFa21 2000 aFamily storybook library, bk. 6:bFriendaship takes you places. aNew york :bDisney press,c2000. a19 aDisneys family storybook library aStories about love and friendship title includes Toy story and the jungle book aFables